00321nam a2200133Ia 4500008004100000041000800041082001000049100002000059245004400079250000800123260004000131300000800171365000800179231011s9999 xx 000 0 und d aeng a332.1 aRavichandran K. aMerchant Banking and Financial Services a1st bHimalaya Pub House , Mumbai Delhi - a325 b292